| 000 | 00906nac a22002411u 4500 | ||
|---|---|---|---|
| 008 | 100915t2002 xxu|||||r|||| 001 0 eng d | ||
| 010 | _a2002279119 | ||
| 020 | _a0130323934 | ||
| 020 | _a9780130323934 | ||
| 082 | 0 | 0 |
_a629.83 _bFRA _222 |
| 100 |
_aFranklin, Gene F. _919174 |
||
| 245 | 1 | 0 |
_aFeedback Control of Dynamic Systems / _cGene F. Franklin, J. David Powell, Abbas Emami-Naeini. |
| 250 | _a4th ed. | ||
| 260 |
_aUpper Saddle River, NJ : _bPrentice Hall, _cc2002. |
||
| 300 |
_axvii, 910 p. : _bill. (some col.) ; _c25 cm. |
||
| 504 | _aIncludes bibliographical references and index. | ||
| 650 | 0 |
_aFeedback control systems. _919175 |
|
| 650 | 0 |
_aFeedback control systems. _919176 |
|
| 700 | 1 |
_aPowell, J. David, _d1938- _919177 |
|
| 700 | 1 |
_aEmami-Naeini, Abbas. _919178 |
|
| 856 | 4 | 1 |
_3Table of contents _uhttp://www.loc.gov/catdir/toc/fy032/2002279119.html |
| 942 |
_cBB _k629.83FRA _2ddc |
||
| 999 |
_c833 _d833 |
||